000 00713cab a2200241 4500
001 ABS51704
008 090401t1994 xxu||||| |||| 00| 0 eng d
035 _a(Sirsi) u40766
041 _aeng
100 _aRutherford, L.
245 _aMarket overt over
260 _c1994
350 _a0
490 _aSolicitors` Journal
_v138(43) 11 November 1994, 1149(1)
520 _aDiscusses the repeal of the doctrine of market overt (Sale of Goods Act 1979 s22) coming into force 3 January 1995.
650 _aMARKET OVERT EXCEPTION
650 _aMARKET OVERT
650 _aSALE OF GOODS ACT 1979 S22
690 _aPROPERTY-COMMERCIAL PROPERTY
700 _aBone, S.
942 _n0
948 _c04/03/1997
999 _c26125
_d26125